Ecology : (Record no. 3140)
[ view plain ]
| 000 -LEADER | |
|---|---|
| fixed length control field | 00401nam a22001577a 4500 |
| 003 - CONTROL NUMBER IDENTIFIER | |
| control field | OSt |
| 005 - DATE AND TIME OF LATEST TRANSACTION | |
| control field | 20140310181749.0 |
| 008 - FIXED-LENGTH DATA ELEMENTS--GENERAL INFORMATION | |
| fixed length control field | 130626t xxu||||| |||| 00| 0 eng d |
| 020 ## - INTERNATIONAL STANDARD BOOK NUMBER | |
| International Standard Book Number | 9718170170 |
| 050 ## - LIBRARY OF CONGRESS CALL NUMBER | |
| Classification number | QH 541 |
| Item number | .C957 2000 |
| 082 ## - DEWEY DECIMAL CLASSIFICATION NUMBER | |
| Classification number | FIL 363.7 |
| Item number | ME51 2000 |
| 100 ## - MAIN ENTRY--PERSONAL NAME | |
| Personal name | Memije-Cruz, Liwayway |
| 245 ## - TITLE STATEMENT | |
| Title | Ecology : |
| Statement of responsibility, etc | Memije-Cruz, Liwayway |
| 300 ## - PHYSICAL DESCRIPTION | |
| Extent | 197 p. |
| Other physical details | ill. ; |
| Dimensions | 21 cm. |
| 942 ## - ADDED ENTRY ELEMENTS (KOHA) | |
| Source of classification or shelving scheme | Library of Congress Classification |
| Koha item type | Books |
| Withdrawn status | Lost status | Source of classification or shelving scheme | Damaged status | Home library | Current library | Shelving location | Date acquired | Total Checkouts | Full call number | Barcode | Date last seen | Copy number | Price effective from | Koha item type |
|---|---|---|---|---|---|---|---|---|---|---|---|---|---|---|
| Library of Congress Classification | Luxembourg Library | Luxembourg Library | Filipiniana Section | 06/26/2013 | QH 541 .C957 2000 | 8762 | 08/13/2013 | 1 | 06/26/2013 | Books |